| 000 | 00453nam a22001457a 4500 | ||
|---|---|---|---|
| 020 | _a978-1-40834-774-4 | ||
| 082 |
_a823 _bBLA/T |
||
| 100 | _aBLADE, ADAM | ||
| 245 |
_aBEAST QUEST _bTRILLION THE THREE HEADED LION |
||
| 260 |
_aUNITED KINGDOM _bORCHARD BOOKS _c2015 |
||
| 300 | _a137 | ||
| 520 | _aThe peace of avantia has been shattered by a fearsome new beast trillion the three headed lion. | ||
| 650 |
_aADVENTURE STORY _zUNITED KINGDOM |
||
| 942 | _cBK | ||
| 999 |
_c6038 _d6038 |
||